[Event "SV Empor Berlin-Mattnetz Berlin"]
[Site "?"]
[Date "2020.09.10"]
[Round "2.1"]
[White "Bui, Bao Anh Le"]
[Black "Breitzmann, Sander"]
[Result "0-1"]
[WhiteElo "2053"]
[BlackElo "1888"]
[PlyCount "88"]
[EventDate "2020.??.??"]
[WhiteTeam "Mattnetz Berlin"]
[BlackTeam "SV Empor Berlin"]

1. e4 e5 2. Nf3 Nc6 3. Bc4 Bc5 4. c3 Nf6 5. d3 d6 6. Bb3 a6 7. h3 Ba7 8. Nbd2
O-O 9. Nf1 h6 10. Ng3 Ne7 11. O-O Ng6 12. Re1 Nh7 13. d4 Qf6 14. Nh5 Qe7 15.
Qd2 Ng5 16. Nxg5 hxg5 17. dxe5 Nxe5 18. Qxg5 Qxg5 19. Bxg5 Bxh3 20. Be3 Be6 21.
Bxa7 Rxa7 22. Rad1 Bg4 23. Nf4 Bxd1 24. Rxd1 b5 25. Nd5 g6 26. f4 Nc6 27. g4
Kg7 28. g5 Rh8 29. Bc2 Nd8 30. Kg2 Ne6 31. Kg3 a5 32. a3 Rb7 33. Bb3 Nc5 34.
Bc2 Rd8 35. f5 Rh8 36. f6+ Kf8 37. e5 Rh5 38. exd6 Rxg5+ 39. Kh4 Rh5+ 40. Kg4
cxd6 41. Nf4 Rh2 42. Rxd6 Rb8 43. Rd1 Rxc2 44. Rh1 Kg8 0-1

[Event "SV Empor Berlin-Mattnetz Berlin"]
[Site "?"]
[Date "2020.09.10"]
[Round "2.2"]
[White "Mankel, Luca"]
[Black "Schnabel, Luise"]
[Result "1/2-1/2"]
[WhiteElo "1926"]
[BlackElo "1932"]
[PlyCount "123"]
[EventDate "2020.??.??"]
[WhiteTeam "SV Empor Berlin"]
[BlackTeam "Mattnetz Berlin"]

1. e4 Nf6 2. e5 Nd5 3. c4 Nb6 4. d4 d6 5. exd6 cxd6 6. Nc3 g6 7. Be3 Bg7 8. Rc1
O-O 9. b3 Nc6 10. Nf3 Bg4 11. Be2 d5 12. c5 Nc8 13. h3 Bxf3 14. Bxf3 e6 15. O-O
N8e7 16. Qd2 Nf5 17. Ne2 Nh4 18. Bg4 h5 19. Bg5 Bf6 20. Bxh4 Bxh4 21. Bf3 Bg5
22. Nf4 Qf6 23. g3 Qxd4 24. Rcd1 Qxd2 25. Rxd2 Ne5 26. Be2 Rac8 27. Rc2 Be7 28.
Rfc1 Rc7 29. Nd3 Nc6 30. Rd2 Rfc8 31. b4 Nd4 32. Bd1 b6 33. cxb6 axb6 34. Rb1
Nb5 35. Rb3 Nd6 36. Bf3 Rc2 37. Rxc2 Rxc2 38. Ra3 Nc4 39. Ra7 Bd6 40. b5 Ne5
41. Nxe5 Bxe5 42. Kf1 Bd4 43. Be2 Bc5 44. a4 Ra2 45. g4 h4 46. f4 Ra3 47. f5
exf5 48. gxf5 Kg7 49. fxg6 Kxg6 50. Rd7 d4 51. Bc4 f6 52. Be6 Rxa4 53. Rd5 Rb4
54. Bd7 Rb3 55. Ke2 Kf7 56. Kd2 Ke7 57. Kc2 Re3 58. Bf5 Re5 59. Rxe5+ fxe5 60.
Kd3 Kf6 61. Bg4 Bd6 62. Ke4 1/2-1/2

[Event "SV Empor Berlin-Mattnetz Berlin"]
[Site "?"]
[Date "2020.09.10"]
[Round "2.3"]
[White "Ho, Ngoc Hai-Dang"]
[Black "Ellert, Oliver"]
[Result "1/2-1/2"]
[WhiteElo "1855"]
[BlackElo "1764"]
[PlyCount "73"]
[EventDate "2020.??.??"]
[WhiteTeam "Mattnetz Berlin"]
[BlackTeam "SV Empor Berlin"]

1. e4 c6 2. d4 d5 3. exd5 cxd5 4. Bd3 Nf6 5. Nf3 Bg4 6. h3 Bh5 7. c3 a6 8. O-O
e6 9. Bf4 Bd6 10. Bxd6 Qxd6 11. Nbd2 Nc6 12. Qb3 O-O 13. Rfe1 Bg6 14. Bxg6 hxg6
15. Ne5 Rab8 16. Re2 Nd7 17. Ndf3 Ndxe5 18. Nxe5 Nxe5 19. Rxe5 Rfc8 20. Rae1 b5
21. R1e3 b4 22. Qc2 Qb6 23. b3 Qxd4 24. c4 dxc4 25. R5e4 Qb6 26. Rxc4 Rxc4 27.
Qxc4 Rd8 28. Rd3 a5 29. g3 Rxd3 30. Qxd3 Qc7 31. Kg2 Qc6+ 32. Kg1 Qd5 33. Qc2
Qf5 34. Qd2 Qd5 35. Qc2 Qd4 36. Qc7 Qd5 37. Qc2 1/2-1/2

[Event "SV Empor Berlin-Mattnetz Berlin"]
[Site "?"]
[Date "2020.09.10"]
[Round "2.4"]
[White "Fricke, Janek Konrad"]
[Black "Franz, Franz Theodor"]
[Result "1-0"]
[WhiteElo "1596"]
[BlackElo "1587"]
[PlyCount "73"]
[EventDate "2020.??.??"]
[WhiteTeam "SV Empor Berlin"]
[BlackTeam "Mattnetz Berlin"]

1. e4 e5 2. Nf3 Nc6 3. Bc4 Bc5 4. d3 Nf6 5. c3 d6 6. Bb3 a6 7. h3 h6 8. Nbd2
Ba7 9. Nf1 O-O 10. Ng3 Be6 11. Qe2 Re8 12. Nh4 d5 13. Qf3 Kh7 14. Nhf5 Ne7 15.
Bc2 Qd7 16. Nxh6 Ng6 17. Nhf5 Rh8 18. Bg5 Kg8 19. Nxg7 Nh7 20. Nxe6 Qxe6 21.
Be3 Nh4 22. Qg4+ Qxg4 23. hxg4 Nxg2+ 24. Ke2 Nxe3 25. fxe3 Nf6 26. g5 Rxh1 27.
Rxh1 Nh7 28. Nh5 d4 29. exd4 exd4 30. Bb3 Rd8 31. g6 Ng5 32. gxf7+ Nxf7 33.
Rg1+ Kf8 34. Rf1 Rd7 35. Nf6 Re7 36. Rg1 Nh6 37. Rg6 1-0

[Event "Hamburger SK-Schachzwerge Magdeburg"]
[Site "?"]
[Date "2020.09.10"]
[Round "2.1"]
[White "Zeuner, Ole"]
[Black "Kotyk, Michael"]
[Result "0-1"]
[WhiteElo "1854"]
[BlackElo "1993"]
[PlyCount "96"]
[EventDate "2020.??.??"]
[WhiteTeam "Schachzwerge Magdeburg"]
[BlackTeam "Hamburger SK"]

1. e4 e5 2. Nf3 Nc6 3. Bb5 a6 4. Ba4 Nf6 5. d3 b5 6. Bb3 Be7 7. O-O d6 8. a3
Be6 9. Nc3 O-O 10. Nd5 Na5 11. Ba2 Nxd5 12. Bxd5 Bxd5 13. exd5 f5 14. Nd2 c5
15. b4 Nb7 16. Bb2 a5 17. bxa5 Nxa5 18. c4 Bg5 19. Nb3 bxc4 20. Nxa5 Qxa5 21.
dxc4 Qa4 22. Qe2 Rae8 23. f3 Qb3 24. a4 Ra8 25. Ra3 Qb7 26. Bc3 Qa6 27. Rb1 e4
28. fxe4 Rae8 29. e5 dxe5 30. a5 Qh6 31. a6 Be3+ 32. Kh1 Bd4 33. Bd2 f4 34. a7
Qg6 35. Rb7 Qf5 36. Rab3 Ra8 37. h3 e4 38. Be1 f3 39. Qf1 Be5 40. gxf3 Qf4 41.
Qg1 exf3 42. Bc3 Bxc3 43. Rxc3 g6 44. Qf2 Qf5 45. h4 Qh3+ 46. Kg1 Rae8 47. Rb8
Re1+ 48. Qxe1 Qg2# 0-1

[Event "Hamburger SK-Schachzwerge Magdeburg"]
[Site "?"]
[Date "2020.09.10"]
[Round "2.2"]
[White "Klaas, Heiko"]
[Black "Stockmann, Till"]
[Result "1/2-1/2"]
[WhiteElo "1950"]
[BlackElo "1981"]
[PlyCount "102"]
[EventDate "2020.??.??"]
[WhiteTeam "Hamburger SK"]
[BlackTeam "Schachzwerge Magdeburg"]

1. e4 c5 2. Nc3 Nc6 3. Nf3 e5 4. Bc4 Be7 5. d3 Nf6 6. Nd2 d6 7. Nf1 Be6 8. Ne3
O-O 9. O-O Rb8 10. a3 Nd4 11. Ncd5 Ne8 12. c3 Nc6 13. f4 exf4 14. Rxf4 Bg5 15.
Rf2 Nc7 16. Nf5 Bxc1 17. Rxc1 Nxd5 18. Nh6+ gxh6 19. exd5 Bxd5 20. Bxd5 Qg5 21.
Ba2 Ne5 22. Bb1 Rbe8 23. d4 Ng6 24. Qc2 Qe3 25. Rd1 Re7 26. Qf5 Qg5 27. Rdf1
Qxf5 28. Rxf5 cxd4 29. cxd4 Re2 30. Ba2 Nh8 31. Rb5 b6 32. Bc4 Rd2 33. Rd5 Rc8
34. b3 Rd8 35. Rf6 Kg7 36. Rfxd6 Re8 37. Kf1 Re4 38. Rd7 Rf4+ 39. Ke1 Rff2 40.
Re5 Rxg2 41. Re2 Rdxe2+ 42. Bxe2 Rxh2 43. d5 Ng6 44. d6 Rh4 45. Rxa7 Rd4 46. d7
Ne5 47. Bb5 h5 48. Ke2 Kf6 49. Rb7 Ke7 50. Rxb6 Nxd7 51. Rb7 Ke6 1/2-1/2

[Event "Hamburger SK-Schachzwerge Magdeburg"]
[Site "?"]
[Date "2020.09.10"]
[Round "2.3"]
[White "Morgenstern, Tobias"]
[Black "Mandelkow, Elias"]
[Result "1-0"]
[WhiteElo "1922"]
[BlackElo "1845"]
[PlyCount "87"]
[EventDate "2020.??.??"]
[WhiteTeam "Schachzwerge Magdeburg"]
[BlackTeam "Hamburger SK"]

1. e4 c5 2. Nf3 d6 3. d4 cxd4 4. Nxd4 Nf6 5. Nc3 a6 6. Be3 e5 7. Nb3 Be6 8. f4
exf4 9. Bxf4 Nc6 10. Qe2 Ne5 11. h3 Be7 12. O-O-O Qc7 13. Nd4 O-O 14. Nxe6 fxe6
15. Bxe5 dxe5 16. Qc4 Qc8 17. g4 b5 18. Qxc8 Raxc8 19. Bd3 Bc5 20. Ne2 Rc7 21.
Rhf1 Rcf7 22. Ng3 Be3+ 23. Kb1 Bf4 24. Ne2 Be3 25. Nc1 Ne8 26. a4 Nd6 27. Rxf7
Rxf7 28. axb5 axb5 29. Nb3 Nc4 30. Bxc4 bxc4 31. Rd8+ Rf8 32. Rxf8+ Kxf8 33.
Na5 c3 34. b4 Ke7 35. b5 Kd7 36. Nc4 Bd4 37. Ka2 Kc7 38. Kb3 Kb7 39. Kb4 Kc7
40. Ka5 Kb7 41. b6 Bc5 42. Kb5 Bd4 43. Na5+ Kb8 44. Ka6 1-0

[Event "Hamburger SK-Schachzwerge Magdeburg"]
[Site "?"]
[Date "2020.09.10"]
[Round "2.4"]
[White "Reyes-Mantilla, Andrés Mauricio"]
[Black "Heutling, Elina"]
[Result "1-0"]
[WhiteElo "1461"]
[BlackElo "1904"]
[PlyCount "143"]
[EventDate "2020.??.??"]
[WhiteTeam "Hamburger SK"]
[BlackTeam "Schachzwerge Magdeburg"]

1. e4 e5 2. Nf3 Nc6 3. Bb5 a6 4. Ba4 Nf6 5. O-O Be7 6. Re1 b5 7. Bb3 O-O 8. h3
d6 9. a4 Bb7 10. d3 Na5 11. Ba2 c5 12. Nc3 Qd7 13. Bg5 Kh8 14. Ne2 Nc6 15. c3
h6 16. Bxf6 Bxf6 17. Ng3 g6 18. Qd2 Kh7 19. Rad1 Qe7 20. Nf1 Bc8 21. Bd5 Qc7
22. Ne3 Be6 23. Qc2 Rab8 24. axb5 axb5 25. Qb3 b4 26. Qa4 Bd7 27. Qc2 Rb7 28.
Ra1 Be6 29. Ra6 Rb6 30. Rxb6 Qxb6 31. Qb3 Na5 32. Qa4 Rd8 33. Ra1 Nb7 34. Qa7
Qxa7 35. Rxa7 Bc8 36. Bxf7 Rf8 37. Bd5 bxc3 38. bxc3 Bg7 39. Bxb7 Rf7 40. Bxc8
Rxa7 41. Be6 Ra1+ 42. Kh2 Rc1 43. Nd5 Rd1 44. Nh4 g5 45. Nf5 Bf8 46. Nf6+ Kg6
47. Nd7 Bg7 48. Bc4 Rc1 49. Nxd6 Rxc3 50. Nf5 Rc2 51. Kg3 Rc1 52. Nxg7 Kxg7 53.
Nxe5 Ra1 54. h4 gxh4+ 55. Kxh4 Ra7 56. f4 Re7 57. g4 Kh7 58. g5 hxg5+ 59. Kxg5
Kg7 60. Nf3 Rc7 61. Kf5 Rc6 62. Ng5 Rf6+ 63. Ke5 Rg6 64. Ne6+ Kf7 65. Nxc5+ Ke7
66. f5 Rc6 67. d4 Kf8 68. Bd5 Rh6 69. Ne6+ Ke7 70. Nf4 Ra6 71. Ng6+ Kd7 72.
Be6+ 1-0

[Event "Delmenhorster SK-Schvgg Blankenese"]
[Site "?"]
[Date "2020.09.10"]
[Round "2.1"]
[White "von Rosen, Jakob"]
[Black "Pahl, Erik"]
[Result "0-1"]
[WhiteElo "1827"]
[BlackElo "2097"]
[PlyCount "84"]
[EventDate "2020.??.??"]
[WhiteTeam "Schvgg Blankenese"]
[BlackTeam "Delmenhorster SK"]

1. e4 e6 2. d4 d5 3. Nd2 Nf6 4. e5 Nfd7 5. Ngf3 c5 6. c3 Nc6 7. Be2 a6 8. O-O
b5 9. a4 b4 10. cxb4 c4 11. b3 c3 12. Nb1 Bxb4 13. Qc2 Qb6 14. Be3 Bb7 15. Rc1
Rc8 16. Qd3 Qa5 17. Nxc3 Ncxe5 18. Nxe5 Nxe5 19. dxe5 Bxc3 20. Rab1 Bxe5 21.
Bd2 Qb6 22. b4 Qd6 23. h3 O-O 24. b5 axb5 25. axb5 Rxc1+ 26. Bxc1 Rc8 27. Ba3
Qb6 28. Bc1 Bf6 29. Bf3 e5 30. Bg4 e4 31. Qb3 Rc3 32. Qb4 Rc2 33. Be3 d4 34.
Bf4 e3 35. Rf1 h6 36. Bg3 d3 37. Qb3 Be4 38. Bh5 Qb7 39. f3 e2 40. Rb1 Bf5 41.
f4 e1=Q+ 42. Rxe1 Qxg2# 0-1

[Event "Delmenhorster SK-Schvgg Blankenese"]
[Site "?"]
[Date "2020.09.10"]
[Round "2.2"]
[White "Pahl, Theis"]
[Black "Burgtorf, Benjamin"]
[Result "1-0"]
[WhiteElo "2012"]
[BlackElo "1821"]
[PlyCount "81"]
[EventDate "2020.??.??"]
[WhiteTeam "Delmenhorster SK"]
[BlackTeam "Schvgg Blankenese"]

1. e4 c5 2. Nc3 e6 3. Nge2 Nc6 4. g3 a6 5. Bg2 b5 6. O-O Bb7 7. f4 d6 8. f5 Nf6
9. fxe6 fxe6 10. Nf4 Nd4 11. Nh5 Nxh5 12. Qxh5+ g6 13. Qd1 Bg7 14. d3 Qe7 15.
Ne2 Rf8 16. c3 Nxe2+ 17. Qxe2 Kd7 18. Rd1 Bf6 19. e5 Bxe5 20. Bxb7 Ra7 21. Bg2
h5 22. d4 cxd4 23. cxd4 Bf6 24. a4 b4 25. Bh3 d5 26. Bf4 h4 27. Rac1 hxg3 28.
Bxg3 Rh8 29. Qc2 Ke8 30. Qxg6+ Kd7 31. Bg2 Bg5 32. Rc2 Be3+ 33. Kh1 Rh6 34. Qg4
Qh7 35. Re2 Rg6 36. Qf3 Bg5 37. Be5 Ra8 38. Rc2 Ra7 39. Qf8 Bd8 40. Rf1 Rf6 41.
Bxf6 1-0

[Event "Delmenhorster SK-Schvgg Blankenese"]
[Site "?"]
[Date "2020.09.10"]
[Round "2.3"]
[White "Sell, Eero"]
[Black "Alhamid, Mohamad"]
[Result "0-1"]
[WhiteElo "1744"]
[BlackElo "1796"]
[PlyCount "52"]
[EventDate "2020.??.??"]
[WhiteTeam "Schvgg Blankenese"]
[BlackTeam "Delmenhorster SK"]

1. e4 e5 2. Nf3 Nc6 3. d4 exd4 4. Bc4 Nf6 5. e5 d5 6. Bb5 Ne4 7. Nxd4 Bd7 8.
Bxc6 bxc6 9. O-O Bc5 10. Be3 Bb6 11. f3 Ng5 12. f4 Ne4 13. Nc3 Nxc3 14. bxc3
Qe7 15. Qe1 c5 16. Nb3 Bf5 17. Qf2 c4 18. Nd4 Be4 19. Qg3 f5 20. Rfd1 O-O 21.
a4 a5 22. Rd2 Ra6 23. Rb1 Qa3 24. Bf2 Qxa4 25. Ne6 Bxf2+ 26. Kxf2 Rxe6 0-1

[Event "Delmenhorster SK-Schvgg Blankenese"]
[Site "?"]
[Date "2020.09.10"]
[Round "2.4"]
[White "Wander, Dennis"]
[Black "Tao, Alexander"]
[Result "1/2-1/2"]
[WhiteElo "1529"]
[BlackElo "1587"]
[PlyCount "69"]
[EventDate "2020.??.??"]
[WhiteTeam "Delmenhorster SK"]
[BlackTeam "Schvgg Blankenese"]

1. e4 e5 2. Nf3 Nc6 3. Bc4 Bc5 4. O-O Nf6 5. d3 d6 6. c3 O-O 7. Nbd2 a6 8. Bb3
Ne7 9. Re1 Ng6 10. Nf1 c6 11. Ng3 Be6 12. Bc2 h6 13. Be3 Bxe3 14. fxe3 Qb6 15.
b3 d5 16. d4 exd4 17. exd4 dxe4 18. Nxe4 Nxe4 19. Bxe4 Bg4 20. h3 Bxf3 21. Qxf3
Rad8 22. Kh1 Qa5 23. Qd3 Nf4 24. Qf3 Qg5 25. Rf1 Nh5 26. Kh2 Nf6 27. Bc2 Rde8
28. Rae1 Rxe1 29. Rxe1 Re8 30. Rxe8+ Nxe8 31. Qf5 Qd2 32. Qd3 Qg5 33. Qg3 Qe7
34. Qb8 g6 35. Qg3 1/2-1/2

[Event "Greifswalder SV-SK Nordhorn-Blanke"]
[Site "?"]
[Date "2020.09.10"]
[Round "2.1"]
[White "Brunner, Sophia"]
[Black "Fromm, Marius"]
[Result "0-1"]
[WhiteElo "1859"]
[BlackElo "2181"]
[PlyCount "82"]
[EventDate "2020.??.??"]
[WhiteTeam "SK Nordhorn-Blanke"]
[BlackTeam "Greifswalder SV"]

1. d4 Nf6 2. Nf3 e6 3. g3 b5 4. Bg2 Bb7 5. O-O c5 6. b3 Be7 7. Nbd2 O-O 8. Bb2
d5 9. Ne5 Qb6 10. dxc5 Bxc5 11. Ndf3 Nbd7 12. Qd3 Nxe5 13. Nxe5 Rfd8 14. e3 a5
15. Rfd1 Rac8 16. Qe2 b4 17. Rac1 Ba6 18. Qf3 Rc7 19. c4 bxc3 20. Bxc3 Ba3 21.
Bd4 Qb7 22. Rxc7 Qxc7 23. Bf1 Bxf1 24. Kxf1 Rc8 25. g4 Ne4 26. Qe2 f6 27. Nf3
Qc2 28. Ne1 Qc6 29. f3 Nd6 30. Bb2 Bxb2 31. Qxb2 Nb5 32. Nd3 d4 33. e4 Nc3 34.
Rc1 f5 35. Qg2 Qb5 36. Qd2 fxe4 37. fxe4 Rf8+ 38. Kg1 Nxe4 39. Qe2 Ng5 40. Rc5
Nh3+ 41. Kg2 Qxd3 0-1

[Event "Greifswalder SV-SK Nordhorn-Blanke"]
[Site "?"]
[Date "2020.09.10"]
[Round "2.2"]
[White "Troyke, Jannis"]
[Black "ter Stal, Lars"]
[Result "1-0"]
[WhiteElo "1995"]
[BlackElo "1798"]
[PlyCount "71"]
[EventDate "2020.??.??"]
[WhiteTeam "Greifswalder SV"]
[BlackTeam "SK Nordhorn-Blanke"]

1. e4 e6 2. d4 d5 3. Nd2 Nf6 4. e5 Nfd7 5. Bd3 c5 6. c3 Nc6 7. Ne2 cxd4 8. cxd4
f6 9. exf6 Nxf6 10. Nf3 Bd6 11. O-O Qc7 12. Bg5 O-O 13. Bh4 Bd7 14. Bg3 Rae8
15. Rc1 Bxg3 16. hxg3 Qd6 17. Qb3 Nb4 18. Ne5 Nxd3 19. Qxd3 Qb6 20. Nc3 Re7 21.
Rfe1 Ne8 22. Rc2 Qd8 23. Rce2 Nf6 24. g4 Be8 25. Qh3 Qb6 26. Qe3 Qd6 27. Qh3
Qb6 28. Qd3 Ne4 29. Nxe4 Bb5 30. Qa3 Bxe2 31. Qxe7 Qxd4 32. Qxe6+ Kh8 33. Nf7+
Kg8 34. Nh6+ Kh8 35. Qg8+ Rxg8 36. Nf7# 1-0

[Event "Greifswalder SV-SK Nordhorn-Blanke"]
[Site "?"]
[Date "2020.09.10"]
[Round "2.3"]
[White "Rudi, Jonathan"]
[Black "Kallweit, Paul"]
[Result "1/2-1/2"]
[WhiteElo "1692"]
[BlackElo "1965"]
[PlyCount "71"]
[EventDate "2020.??.??"]
[WhiteTeam "SK Nordhorn-Blanke"]
[BlackTeam "Greifswalder SV"]

1. d4 d5 2. Nc3 Nf6 3. Bf4 e6 4. e3 Be7 5. Nf3 O-O 6. Bd3 a6 7. O-O b5 8. Ne5
Bb7 9. g4 c5 10. g5 Ne4 11. Bxe4 dxe4 12. Qg4 b4 13. Ne2 cxd4 14. Nxd4 Nd7 15.
Rfd1 Nxe5 16. Bxe5 Qa5 17. Bf4 Rfd8 18. h4 Rd5 19. Nb3 Qb6 20. Rxd5 Bxd5 21.
Rd1 Qc6 22. Qe2 Rc8 23. Rd2 Qa4 24. Nc1 Qc6 25. Qd1 a5 26. Be5 a4 27. Ne2 Bf8
28. b3 Qb6 29. Nf4 Bc6 30. Bd6 Be8 31. Bxf8 Kxf8 32. Ne2 Qc7 33. Ng3 Qc6 34.
Rd8 Rc7 35. Rd2 g6 36. Ne2 1/2-1/2

[Event "Greifswalder SV-SK Nordhorn-Blanke"]
[Site "?"]
[Date "2020.09.10"]
[Round "2.4"]
[White "Khanbekyan, Areg"]
[Black "Hallfarth, Luise"]
[Result "1-0"]
[WhiteElo "1749"]
[BlackElo "1523"]
[PlyCount "51"]
[EventDate "2020.??.??"]
[WhiteTeam "Greifswalder SV"]
[BlackTeam "SK Nordhorn-Blanke"]

1. e4 c5 2. Nf3 Nc6 3. d4 cxd4 4. Nxd4 g6 5. Nc3 Bg7 6. Be3 Nf6 7. Bc4 O-O 8.
Bb3 Ng4 9. Nxc6 dxc6 10. Bf4 c5 11. h3 Ne5 12. O-O Nc6 13. Be3 b6 14. f4 Bb7
15. e5 Kh8 16. Qg4 Qc8 17. Qxc8 Raxc8 18. Rad1 Bh6 19. Rd7 Ba8 20. Rfd1 Rcd8
21. Ba4 Nxe5 22. Rxd8 Rxd8 23. Rxd8+ Kg7 24. Rxa8 Nc4 25. Kf2 Nxe3 26. Kxe3 1-0

[Event "Weisse Dame Hamburg-1. SC Anhalt"]
[Site "?"]
[Date "2020.09.10"]
[Round "2.1"]
[White "Fathke, Luke"]
[Black "Popist, Florian"]
[Result "0-1"]
[WhiteElo "1643"]
[BlackElo "2017"]
[PlyCount "74"]
[EventDate "2020.??.??"]
[WhiteTeam "1. SC Anhalt"]
[BlackTeam "Weisse Dame Hamburg"]

1. e4 c5 2. Nf3 Nc6 3. c4 g6 4. d4 cxd4 5. Nxd4 Nf6 6. Nc3 d6 7. Be2 Nxd4 8.
Qxd4 Bg7 9. Be3 O-O 10. Qd2 a5 11. O-O a4 12. Rfd1 Qa5 13. Qc2 Be6 14. Rab1
Rfc8 15. b3 axb3 16. axb3 Nd7 17. Nd5 Kf8 18. Bd2 Qa2 19. Qxa2 Rxa2 20. Bf3 Ne5
21. Be2 Nc6 22. Bf1 Bd4 23. Be3 Bxd5 24. exd5 Bxe3 25. fxe3 Nb4 26. Bd3 Rca8
27. Be4 Re2 28. Ra1 Rxa1 29. Rxa1 Rxe3 30. Bf3 Rxb3 31. Bd1 Rb2 32. Rc1 Nd3 33.
Rc3 Nc5 34. Kf1 Ne4 35. Ra3 Nd2+ 36. Ke1 Nxc4 37. Ra8+ Kg7 0-1

[Event "Weisse Dame Hamburg-1. SC Anhalt"]
[Site "?"]
[Date "2020.09.10"]
[Round "2.2"]
[White "Türk, Janusch"]
[Black "Schröter, Christopher"]
[Result "1-0"]
[WhiteElo "1536"]
[BlackElo "1641"]
[PlyCount "148"]
[EventDate "2020.??.??"]
[WhiteTeam "Weisse Dame Hamburg"]
[BlackTeam "1. SC Anhalt"]

1. e4 c5 2. Nf3 Nc6 3. d4 cxd4 4. Nxd4 g6 5. Nxc6 bxc6 6. Nc3 Bg7 7. Bd2 d6 8.
Bc4 Nf6 9. h3 O-O 10. Bb3 Ba6 11. Qf3 e6 12. Bg5 e5 13. O-O-O h6 14. Be3 Qc7
15. g4 Ne8 16. h4 Qe7 17. Rdg1 Nc7 18. Bxh6 Bxh6+ 19. g5 Bg7 20. h5 Rfb8 21.
hxg6 Ne6 22. Qf5 Bc8 23. gxf7+ Qxf7 24. Qh7+ Kf8 25. g6 Qf4+ 26. Kb1 Rxb3 27.
cxb3 Ng5 28. Qh5 Nxe4 29. Ne2 Qf5 30. Ka1 Qxh5 31. Rxh5 Nf6 32. Rh4 Bf5 33. f4
e4 34. Nd4 Bd7 35. f5 c5 36. Ne6+ Bxe6 37. fxe6 Ke7 38. Rh2 Kxe6 39. Re2 d5 40.
Rc2 Kd6 41. Rgc1 Rc8 42. Rd1 e3 43. b4 Rc7 44. bxc5+ Rxc5 45. Re2 Ng4 46. a3 d4
47. Rg2 Nf2 48. Re1 Re5 49. Rh2 Rg5 50. Rf1 Rxg6 51. Rfxf2 exf2 52. Rxf2 Kd5
53. Kb1 Ke4 54. Kc2 d3+ 55. Kb3 Ke3 56. Rf7 a6 57. Re7+ Kf2 58. Rf7+ Ke2 59.
Re7+ Kd1 60. Kc4 d2 61. Kb3 Rb6+ 62. Ka4 Bxb2 63. Ka5 Rd6 64. Rb7 Kc2 65. Rc7+
Bc3+ 66. Rxc3+ Kxc3 67. a4 Rd5+ 68. Kxa6 d1=Q 69. a5 Rd6+ 70. Ka7 Qd4+ 71. Kb7
Rd7+ 72. Ka6 Qd6+ 73. Kb5 Rb7+ 74. Ka4 Qb4# 1-0

[Event "Weisse Dame Hamburg-1. SC Anhalt"]
[Site "?"]
[Date "2020.09.10"]
[Round "2.3"]
[White "Böhm, Florian"]
[Black "Worthmann González, Luka"]
[Result "1-0"]
[WhiteElo "1627"]
[BlackElo "1173"]
[PlyCount "53"]
[EventDate "2020.??.??"]
[WhiteTeam "1. SC Anhalt"]
[BlackTeam "Weisse Dame Hamburg"]

1. e4 e5 2. Nf3 Nc6 3. Bc4 Bc5 4. c3 Nf6 5. d4 exd4 6. cxd4 Bb4+ 7. Nc3 Nxe4 8.
O-O Nf6 9. Re1+ Ne7 10. Bxf7+ Kxf7 11. Qb3+ Ned5 12. Nxd5 Bxe1 13. Nxc7+ Kf8
14. Nxa8 Ba5 15. Bf4 d6 16. Ng5 d5 17. Rc1 Ne8 18. Qa3+ Kg8 19. Rxc8 Qxc8 20.
Qe7 Nd6 21. Qxd6 Qf5 22. Qb8+ Qf8 23. Qxb7 Qf5 24. Qb8+ Qf8 25. Qe5 Qf6 26.
Qe8+ Qf8 27. Qe6+ 1-0

[Event "Weisse Dame Hamburg-1. SC Anhalt"]
[Site "?"]
[Date "2020.09.10"]
[Round "2.4"]
[White "Yakhnin, Georgy"]
[Black "Kopvillem, Mikhail"]
[Result "0-1"]
[WhiteElo "1036"]
[BlackElo "1516"]
[PlyCount "58"]
[EventDate "2020.??.??"]
[WhiteTeam "Weisse Dame Hamburg"]
[BlackTeam "1. SC Anhalt"]

1. e4 a6 2. d4 b5 3. Bf4 Bb7 4. Nd2 Nf6 5. Bd3 e6 6. Ngf3 c5 7. c3 cxd4 8. cxd4
Bb4 9. Qc2 Nc6 10. a3 Bxd2+ 11. Bxd2 Rc8 12. Rc1 Nxd4 13. Qb1 Nxf3+ 14. gxf3 e5
15. f4 d6 16. Rxc8 Qxc8 17. fxe5 dxe5 18. Bc3 Qc5 19. Rg1 g6 20. Ke2 Nh5 21.
Rg4 Bc8 22. Rg1 Nf4+ 23. Kf3 h5 24. Bb4 Bg4+ 25. Kg3 Qc8 26. h4 Be2 27. f3 Qh3+
28. Kf2 Qh2+ 29. Ke3 Bxd3 0-1

[Event "Lübecker SV-Turm Lüneburg"]
[Site "?"]
[Date "2020.09.10"]
[Round "2.1"]
[White "Wusterack, Paul"]
[Black "Bornholdt, Joa Max"]
[Result "0-1"]
[WhiteElo "1599"]
[BlackElo "1914"]
[PlyCount "82"]
[EventDate "2020.??.??"]
[WhiteTeam "Turm Lüneburg"]
[BlackTeam "Lübecker SV"]

1. e4 g6 2. d4 Bg7 3. Nf3 c5 4. c3 d5 5. dxc5 Nf6 6. exd5 Qxd5 7. Qxd5 Nxd5 8.
Bc4 Nc7 9. O-O Be6 10. Na3 Nba6 11. Be3 Bxc4 12. Nxc4 Ne6 13. Rad1 Naxc5 14.
Rd5 Rc8 15. Nce5 b6 16. Rfd1 Na4 17. R5d2 O-O 18. c4 f6 19. Nd7 Rfe8 20. b3 Nc3
21. Rc1 Ne4 22. Rdd1 Kf7 23. h3 Red8 24. Nxb6 Rxd1+ 25. Rxd1 axb6 26. Bxb6 Nc3
27. Rd2 Rc6 28. Ba5 f5 29. Rc2 Nb5 30. Re2 Nbd4 31. Ne5+ Ke8 32. Nxc6 Nxe2+ 33.
Kf1 Nc1 34. Ke1 Nxa2 35. Kd2 Kd7 36. Na7 Nd4 37. Bb6 Nxb3+ 38. Kc2 Bd4 39. Nb5
Bxb6 40. Kxb3 Nc1+ 41. Kc3 Bxf2 0-1

[Event "Lübecker SV-Turm Lüneburg"]
[Site "?"]
[Date "2020.09.10"]
[Round "2.2"]
[White "Sickmann, Lisa"]
[Black "Rick, Niklas Corvin"]
[Result "1/2-1/2"]
[WhiteElo "1603"]
[BlackElo "1521"]
[PlyCount "75"]
[EventDate "2020.??.??"]
[WhiteTeam "Lübecker SV"]
[BlackTeam "Turm Lüneburg"]

1. e4 c5 2. Nf3 d6 3. d4 cxd4 4. Nxd4 Nf6 5. Nc3 a6 6. f3 e5 7. Nb3 Be6 8. Be3
Be7 9. Qd2 d5 10. exd5 Nxd5 11. Nxd5 Qxd5 12. Qxd5 Bxd5 13. O-O-O Be6 14. Nc5
Bxc5 15. Bxc5 Nd7 16. Bd6 Rc8 17. Kb1 f6 18. Bd3 Kf7 19. Be4 b6 20. Rd2 Rhd8
21. Bb7 Rc4 22. b3 Rh4 23. Bxa6 Nc5 24. g3 Rh6 25. Bb5 Nb7 26. Bb4 Rxd2 27.
Bxd2 g5 28. Bc6 Nd6 29. f4 gxf4 30. gxf4 Rh4 31. fxe5 fxe5 32. Rf1+ Bf5 33. Rf2
Ke6 34. Be3 Be4 35. Bxe4 Nxe4 36. Rg2 Nc3+ 37. Ka1 Nd5 38. Bd2 1/2-1/2

[Event "Lübecker SV-Turm Lüneburg"]
[Site "?"]
[Date "2020.09.10"]
[Round "2.3"]
[White "Ziller, Anton"]
[Black "Poetzsch-Heffter, Frieder"]
[Result "0-1"]
[WhiteElo "1542"]
[BlackElo "1501"]
[PlyCount "64"]
[EventDate "2020.??.??"]
[WhiteTeam "Turm Lüneburg"]
[BlackTeam "Lübecker SV"]

1. c4 e5 2. g3 Nc6 3. Bg2 Nf6 4. Nc3 Bc5 5. e4 d6 6. Nge2 Be6 7. d3 Qd7 8. O-O
Bh3 9. a3 a6 10. b4 Ba7 11. Kh1 h5 12. Bg5 Bxg2+ 13. Kxg2 Ng4 14. h3 f6 15. Bd2
Nh6 16. Nd5 Ne7 17. Nec3 c6 18. Nxe7 Qxe7 19. Rb1 g6 20. b5 f5 21. bxc6 bxc6
22. Qa4 Qd7 23. Rb2 O-O 24. Bxh6 Rf7 25. Rfb1 Bd4 26. Rb8+ Rxb8 27. Rxb8+ Kh7
28. Bd2 f4 29. gxf4 exf4 30. Ne2 f3+ 31. Kf1 Qxh3+ 32. Ke1 Qh1+ 0-1

[Event "Lübecker SV-Turm Lüneburg"]
[Site "?"]
[Date "2020.09.10"]
[Round "2.4"]
[White "Monakhov, Boris"]
[Black "Hahn, Sebastian"]
[Result "1-0"]
[WhiteElo "1359"]
[BlackElo "1180"]
[PlyCount "73"]
[EventDate "2020.??.??"]
[WhiteTeam "Lübecker SV"]
[BlackTeam "Turm Lüneburg"]

1. e4 c5 2. Nf3 d6 3. d4 cxd4 4. Nxd4 Nf6 5. Nc3 Bd7 6. g3 e6 7. Bg2 Nc6 8. O-O
Be7 9. Re1 O-O 10. Be3 a6 11. Qd2 Qc7 12. Rad1 b5 13. Bg5 Ne8 14. Nxc6 Bxg5 15.
Qxg5 Bxc6 16. Rd3 b4 17. Ne2 Nf6 18. Nd4 h6 19. Qd2 d5 20. Nxc6 Qxc6 21. exd5
Nxd5 22. Re4 Rac8 23. c4 bxc3 24. bxc3 Rb8 25. Rg4 Rb1+ 26. Bf1 Nf6 27. Rb4
Rxb4 28. cxb4 Rc8 29. Rd8+ Kh7 30. Qd3+ g6 31. Rxc8 Qxc8 32. Qxa6 Qc2 33. b5
Ng4 34. Qa7 Ne5 35. Qe3 Qc7 36. a4 Nd7 37. Qf4 1-0

[Event "SG Jasmund-Königsspringer SC 1984"]
[Site "?"]
[Date "2020.09.10"]
[Round "2.1"]
[White "Summers, Jan"]
[Black "Johlke, Lukas"]
[Result "0-1"]
[WhiteElo "1664"]
[BlackElo "1732"]
[PlyCount "80"]
[EventDate "2020.??.??"]
[WhiteTeam "Königsspringer SC 1984"]
[BlackTeam "SG Jasmund"]

1. e4 e5 2. Nf3 Nc6 3. d4 d6 4. dxe5 Nxe5 5. Nxe5 dxe5 6. Qxd8+ Kxd8 7. Bc4 f6
8. Nc3 Bc5 9. O-O c6 10. a3 a6 11. Kh1 Ne7 12. f4 Ng6 13. f5 Nf8 14. Rf3 Nd7
15. Rg3 b5 16. Ba2 Bf8 17. Be3 Kc7 18. Rd1 Bb7 19. Bf2 a5 20. Be6 Rd8 21. Rgd3
Bc8 22. a4 b4 23. Ne2 Bc5 24. Kg1 Bxf2+ 25. Kxf2 Nc5 26. Rxd8 Rxd8 27. Rxd8
Kxd8 28. Bxc8 Kxc8 29. b3 Nxe4+ 30. Ke3 Nd6 31. g4 c5 32. h4 Kc7 33. h5 Kc6 34.
Kd3 c4+ 35. Ke3 cxb3 36. cxb3 Kd5 37. Ng3 Nb7 38. Nf1 Nc5 39. Nd2 h6 40. Ke2
Kd4 0-1